LDR 00851nam a2200205 i 4500 001 000000224551 003 CaOOAMICUS 005 20131105000000.0 008 131105s1952 it u000 u lat u 013 $a203449 040 $aSeMil$bita 100 1 $aLazzarato, Damiano.$0(OLS)http://semarc/name/78165 245 10$aChronologia Christi seu Discordantium Fontium Concordantia :$bad juris normam /$cDamianus Lazzarato. 260 $aNapoli :$bD'Auria,$c1952. 300 $a631 p. ;$c26 cm. 650 4$aCristologia.$0(OLS)http://semarc/subject/173 850 $aSeMil 852 $aSeMil$W1$xVenegono$y1$m2V V 94$j174897$B174897$CSeMilBibl$Z2$F184898 $81 996 $6245$aChronologia Christi seu Discordantium Fontium Concordantia :$bad juris normam$9(OLS)http://semarc/title/321811 996 $6260$aNapoli :$bD'Auria$9(OLS)http://semarc/publisher/30041